| 000 | 01079nam a2200289 i 4500 | ||
|---|---|---|---|
| 001 | 19133 | ||
| 003 | ES-MaACL | ||
| 005 | 20250817143623.0 | ||
| 007 | t| | ||
| 008 | 020619s1989 sp ||||1| spa d | ||
| 020 | _a84-87039-16-2 | ||
| 080 | _a655.11(460.357 S.)"14" | ||
| 080 | _a655.11(460.353 G.)"14" | ||
| 100 | 1 |
_aVindel, Francisco. _9115321 |
|
| 245 | 1 | 3 |
_aEl arte tipográfico en España durante el siglo XV. _pSevilla y Granada / _cpor Francisco Vindel ; introducción de Manuel Sánchez Mariana. |
| 260 |
_a[Sevilla] : _bConsejería de Cultura : _bPadilla, _c[1989] |
||
| 300 |
_a14, LII, 439 p. : _bil. ; _c35 cm. |
||
| 534 |
_pReprod. facs. de la ed. de: _c-- Madrid : Dirección General de Relaciones Culturales, 1949. |
||
| 650 | 1 | 4 |
_aImprenta- _zSevilla _913616 |
| 650 | 1 | 4 |
_aImprenta- _zGranada _913608 |
| 655 | 7 |
_2tgfbne _9226495 _aFacsímiles |
|
| 700 | 1 |
_aSánchez Mariana, Manuel. _9102752 |
|
| 710 | 1 |
_aAndalucía. _bConsejería de Cultura. _91392 |
|
| 852 |
_aES-MaACL _jL-25561 _bR.131560 |
||
| 942 | _2udc | ||
| 999 |
_c19133 _d19133 |
||